000 00520nam a22001697a 4500
005 20231110145055.0
008 231110b |||||||| |||| 00| 0 eng d
020 _a0409020869
041 _aEnglish
082 _a346.1 CRO
100 _aCronje, DSP and Heaton, J
_lEnglish
245 _aSouth African Family Law
_cDSP Cronje and J Heaton
260 _aDurban :
_bLexisNexis Butterworths,
_c1999
300 _bxv, 287 pages ;
_c25 cm.
650 _aLegal practice
_bLaw
942 _cBK
_6ALISON_BN_VRIES
999 _c528
_d528